Nghiên cứu tính toán ổn định đập đất bằng phương pháp phần tử hữu hạn
Bewaard in:
| Hoofdauteur: | |
|---|---|
| Andere auteurs: | |
| Formaat: | Boek |
| Taal: | Vietnamese |
| Gepubliceerd in: |
Đà Nẵng,
1997.
|
| Onderwerpen: | |
| Tags: |
Voeg label toe
Geen labels, Wees de eerste die dit record labelt!
|
| Thư viện lưu trữ: | Mạng thư viện Đại học Đà Nẵng |
|---|
| LEADER | 00993cmm a2200337 i 4500 | ||
|---|---|---|---|
| 001 | 000044757 | ||
| 003 | 3165 | ||
| 005 | 20030508135430.0 | ||
| 008 | 010307|1997 vm 000 vie | ||
| 040 | |a IRC |c IRC |d IRC | ||
| 041 | 0 | |a vie | |
| 082 | 1 | 4 | |a 627.8 |b LÊ-H |
| 100 | 1 | |a Lê Văn Hợi. | |
| 245 | 0 | 0 | |a Nghiên cứu tính toán ổn định đập đất bằng phương pháp phần tử hữu hạn |h [Thesis-Luận văn] / |c Lê Văn Hợi thực hiện ; Hoàng Truyền hướng dẫn. |
| 260 | |a Đà Nẵng, |c 1997. | ||
| 300 | |a 87Tr. ; |c 29cm. | ||
| 630 | 0 | 4 | |a Luận án. |
| 630 | 0 | 4 | |a Đập đất. |
| 630 | 0 | 4 | |a Phần tử hữu hạn. |
| 650 | 0 | 4 | |a Đập đất |x Tính toán. |
| 700 | 1 | |a Hoàng Truyền, |c PTS., |e hướng dẫn. | |
| OWN | |a DUT | ||
| 999 | |a From the UDN01 | ||
| TYP | |a Computer file | ||
| TYP | |a Monograph | ||
| 980 | |a Mạng thư viện Đại học Đà Nẵng | ||